000 00700nam a22001815i 4500
001 158535
003 ES-MaACL
005 20260304173615.0
008 040914q1890 fr |||| | fre d
080 _a771.3
245 0 0 _aAbrégé du catalogue anglais des photographies sur verre pour projections de York et Son :
_b[catalogue] nº 55.
260 _aParis :
_bMaison Molteni,
_c[ca. 1890] (
_eTours :
_fImp. Deslis fréres)
300 _a24 p. ;
_c23 cm.
650 4 _aFotografía-
_xMaterial y equipo
_912958
700 1 _aMolteni, Alfred,
_d1837-1907
_9174737
852 4 _aES-MaACL
_jT-1103-F-8
_z- Enc. hol.
_z- Enc. en un vol. facticio
999 _c158535
_d158535